تاريخ مصر في عهد الخديو إسماعيل باشا من سنة 1863 إلى سنة 1879 / (Record no. 25057)
[ view plain ]
| 000 -الفاتح | |
|---|---|
| حقل البيانات ثابتة الطول | 01190nam a2200301 i 4500 |
| 003 - محدد رقم الضبط | |
| رقم الضبط | EG-ScBUE |
| 005 - وقت وتاريخ اخر تعامل مع التسجيلة | |
| رقم الضبط | 20231220093752.0 |
| 008 - عناصر البيانات ثابتة الطول - معلومات عامة | |
| حقل البيانات ثابتة الطول | 170720s1996 ua a f b 000 0 ara d |
| 040 ## - مصدر الفهرسة | |
| وكالة الفهرسة الأصلية | EG-ScBUE |
| لغة الفهرسة | ara |
| قواعد الوصف | rda |
| وكالة التعديل | EG-ScBUE |
| وكالة النسخ | EG-ScBUE |
| 043 ## - رمز المنطقة الجغرافية | |
| رمز المنطقة الجغرافية | f-ua--- |
| 082 04 - رقم تصنيف ديوى العشرى | |
| رقم التصنيف | 962.03 |
| رقم المادة | أ ي و |
| رقم الطبعة | 22 |
| 100 1# - المدخل الرئيسى - إسم شخصى | |
| الإسم الشخصى | أيوبي، إلياس، |
| التواريخ المصاحبة للاسم | 1927-1874، |
| الدور | مؤلف. |
| 245 10 - بيان العنوان | |
| العنوان | تاريخ مصر في عهد الخديو إسماعيل باشا من سنة 1863 إلى سنة 1879 / |
| بيان المسئوليه,etc | لواضعه إلياس الأيوبي. |
| 250 ## - بيان الطبعة | |
| بيان الطبعة | الطبعة الثانية. |
| 264 #1 - النشر، التوزيع | |
| مكان الناشر او الموزع | القاهرة : |
| اسم الناشر او الموزع | مكتبة مدبولي، |
| تاريخ النشر أو التوزيع | 1996. |
| 300 ## - الوصف المادى | |
| التعداد | 2 مجلد. : |
| تفاصيل ماديه اخرى للوعاء | إيضاحيات ؛ |
| أبعاد الوعاء | 24 سم. |
| 336 ## - نوع المحتوى | |
| source | rdacontent |
| Carrier Type Term | نص |
| Content Type Code | txt |
| 337 ## - نوع الوسيط | |
| Media Type Term | بدون وسيط |
| source | rdamedia |
| Media Type Code | n |
| 338 ## - نوع الحامل أو الناقل | |
| Carrier Type Term | مجلد |
| Carrier Type Code | nc |
| source | rdacarrier |
| 490 0# - بيان السلسلة | |
| عنوان السلسلة | صفحات من تاريخ مصر ؛ |
| رقم المجلد/ التعيين التسلسلي | 8 - 9 |
| 504 ## - تبصرة ببليوجرافية | |
| تبصرة ببليوجرافية,الخ | يشتمل على إرجاعات ببليوجرافية. |
| 505 0# - تبصرة محتويات-الفهرس | |
| تبصرة المحتويات المصاغة | المجلد الأول -- المجلد الثاني. |
| 590 ## - تبصرة محلية(RLIN) | |
| تبصرة محلية | سامح |
| 651 #7 - المدخل الاضافى بالموضوع - اسم جغرافى | |
| الاسم الجغرافي | مصر |
| التقسيم الفرعي العام | تاريخ |
| التقسيم الفرعي الزمني | إسماعيل، 1863-1879. |
| مصدر الرأس أو المصطلح | BUEsh |
| 653 ## - مصطلح تكشيفى غير مقيد | |
| Resource For college | Generalities |
| -- | BAEPS, Political Science |
| Arrived date list | July2017 |
| 655 ## - مصطلح تكشيفى-نوع/شكل | |
| التقسيم الفرعي الشكلي | Reading book |
| 942 ## - عناصر المدخل الإضافي( كوها) | |
| مصدر التصنيف او مخطط الترفيف | Dewey Decimal Classification |
| حالة التراجع | حالة الفقد | مصدر التصنيف او خطة الترفيف | حالة تلف | ليس للاعارة | مجموعات كوها | المكان الدائم | المكان الحالي | موقع الترفيف | تاريخ الاكتساب | Source of acquisition | تعداد مسلسل / التسلسل الزمني | رقم الاستدعاء | الباركود | Date last seen | نوع الوعاء | تبصرة عامة |
|---|---|---|---|---|---|---|---|---|---|---|---|---|---|---|---|---|
| Dewey Decimal Classification | Madboly | Central Library | Central Library | Second Floor | 20/07/2017 | Purchase | 04183 | 962.03 أ ي و | 000034285 | 15/07/2025 | Book - Borrowing | مج. 1 | ||||
| Dewey Decimal Classification | Madboly | Central Library | Central Library | Second Floor | 06/09/2017 | Purchase | 04183 | 962.03 أ ي و | 000046197 | 15/07/2025 | Book - Borrowing | مج. 2 |